zpět

Detail výsledku týmu

Between bar, Liberec

Datum a čas kvízu

23.5 Celkem bodů Celkový počet nahraných bodů na tomto kvízu bez doplňovacích otázek.
4. Pořadí na kvízu Konečné umístění týmu na tomto kvízu.

Zaznamenané odpovědi

# Otázka Odpověď Body Výsledky
1. Polistopadový ministr vnitra a... 1
2. Parlament jedné země v úterý z... 1
3. V úterý začal již 71. ročník n... 1
4. Společnost Apple využije k vyl... 0
5. Olympijský vítěz z Nagana nabí... 1
6. Také se Vám někdy stane, že v... 0
7. Napište slovo s českým slovním... 0
8. Vzpomeňte si na jednu dříve ho... 0
9. Pojmenujte česky slovo bilater... 1
10. Kdo hledí pouze na prospěch, t... 0